000 02096 a2200205 4500
001 48539
005 20260407155749.0
008 260407a1992 arg spa d
003 AR-UNSa-BCEJYS
040 _aAR-UNSa-BCEJYS
_bspa
_cAR-UNSa-BCEJYS
080 _a167
_xInvestigación científica
245 1 0 _aLa políticas de investigación cientfica y tecnológica argentina historia y perspectiva
020 _a950-25-1348-7
264 1 _aBuenos Aires :
_bCentro Editor de America Latina
_c1992
300 _a409 p.
_c21 cm.
505 _aPrimera Parte: LA CONFORMACIÓN DEL COMPLEJO CIENTÍFICO Y TECNOLÓGICO: 1. Antecedentes de la conformación del Complejo Científico y Tecnológico, 1850-1958 - El Complejo Científico y Tecnológico argentino en la segunda mitad del siglo XX: la transferencia de modelos institucionales - - Segunda Parte: LA INSTITUCIONALIZACIÓN DEL COMPLEJO CIENTÍFICO Y TECNOLÓGICO: 3. Principales instituciones especializadas en investigación y extensión - 4. Instituciones de promoción y gobierno de las actividades de investigación - - Tercera Parte: POLÍTICA Y GESTIÓN EN EL COMPLEJO CIENTÍFICO Y TECNOLÓGICO: 5. Asignación de Recursos Públicos en el Complejo Científico y Tecnológico. Análisis del presupuesto Nacional - 6. Indicadores económicos de las actividades científico-tecnológicas: comparación internacional - 7. Recursos humanos de investigación en el Complejo Científico y Tecnológico: evolución del empleo y políticas de recursos humanos del CONICET - 8. La evolución salarial de las grandes instituciones del complejo científico y tecnológicos - 9. Recursos humanos en Ciencia t Tecnología. Formación de investigadores - 10. Análisis de los Programas Nacionales de investigación de la secretaría de Ciencia y Tecnología - 11. Las ciencias sociales en la Argentina: diagnósticos y perspectivas - 12. Telecomunicaciones - 13. Actividades provisionales en Ciencias y Tecnología - 14. Aspectos estratégicos de gestión.
942 _cBK
590 _aniveau_biblio:m niveau_hierar:0
100 1 _aOteiza, Enrique
999 _c4607
_d4607